02190 a2200205 4500001000200000005001700002008004100019003001500060040004000075080003100115245004200146020002200188250001100210264003200221300002300253505152100276100003301797700002801830856012601858920260407155401.0260407a1997 arg spa dAR-UNSa-BCEJYS aAR-UNSa-BCEJYSbspacAR-UNSa-BCEJYS a330xEconomía en general10aEconomíapprincipios y aplicaciones a978-84-481-0814-4 a2a. ed 1aMadrid :bMcGraw-Hillc1997 aXXI, 714 p.c25 cm a1. El concepto y el método en economía - 2. La escasez y la necesidad de elegir - 3. La oferta, la demanda y el mercado - 4. El papel del Estado en la economía - 5. Oferta y demanda: conceptos básicos y aplicaciones - 6. La teoría de la utilidad y la demanda - 7. La teoría de producción - 8. Los costos y la maximización de los beneficios - 9. El mercado de competencia perfecta - 10. Competencia imperfecta: el monopolio - 11. Competencia imperfecta: el oligopolio y la competencia monopólica - 12. El equilibrio competitivo y las fallas del mercado - 13. Distribución y sistema de precios - 14. Los mercados de trabajo, de la tierra y del capital -15. Análisis del producto o renta nacional - 16. La renta de equilibrio en una economía cerrada sin sector público: el multiplicador - 17. La renta de equilibrio en una economía con sector público y en una economía abierta - 18. La financiación de la actividad económica - 19. El Banco Central y la política monetaria - 20. La oferta y la demanda agregadas - 21. La balanza de pagos y las tasas de cambio - 22. Teorías tradicionales de la inflación - 23. Desempleo e inflación - 24. Las fluctuaciones de la actividad económica - 25. La efectividad de la política económica: el proceso de integración y el MERCOSUR - 26. El comercio internacional - 27. El crecimiento económico y el desarrollo - 28. Notas sobre la historia del pensamiento económico - 29. Proceso acercamiento entre los sistemas económicos 1 aMochón Morcillo, Francisco1 aBeker, Víctor Alberto41uhttps://biblioeco.unsa.edu.ar/pmb/images/libros/Economia Principios y Aplicaciones 2ed.jpgyImagen de portadaqimage/jpeg